<?xml version="1.0" encoding="UTF-8"?><?xml-stylesheet type="text/xsl" href="static/style.xsl"?><OAI-PMH xmlns="http://www.openarchives.org/OAI/2.0/" xmlns:xsi="http://www.w3.org/2001/XMLSchema-instance" xsi:schemaLocation="http://www.openarchives.org/OAI/2.0/ http://www.openarchives.org/OAI/2.0/OAI-PMH.xsd"><responseDate>2026-06-01T02:49:11Z</responseDate><request verb="GetRecord" identifier="oai:riuma.uma.es:10630/37619" metadataPrefix="marc">https://riuma.uma.es/rest/oai/request</request><GetRecord><record><header><identifier>oai:riuma.uma.es:10630/37619</identifier><datestamp>2026-02-03T10:49:39Z</datestamp><setSpec>com_10630_2254</setSpec><setSpec>col_10630_37953</setSpec></header><metadata><record xmlns="http://www.loc.gov/MARC21/slim" xmlns:dcterms="http://purl.org/dc/terms/" xmlns:doc="http://www.lyncode.com/xoai" xmlns:xsi="http://www.w3.org/2001/XMLSchema-instance" xsi:schemaLocation="http://www.loc.gov/MARC21/slim http://www.loc.gov/standards/marcxml/schema/MARC21slim.xsd">
   <leader>00925njm 22002777a 4500</leader>
   <datafield ind2=" " ind1=" " tag="042">
      <subfield code="a">dc</subfield>
   </datafield>
   <datafield ind2=" " ind1=" " tag="720">
      <subfield code="a">González-Represa, Gaspar</subfield>
      <subfield code="e">author</subfield>
   </datafield>
   <datafield ind2=" " ind1=" " tag="260">
      <subfield code="c">2020</subfield>
   </datafield>
   <datafield ind2=" " ind1=" " tag="520">
      <subfield code="a">El artículo analiza el fenómeno de la secesión, diferenciando entre dos tipos: la secesión-remedio y la secesión democrática. La primera ocurre como respuesta a violaciones graves de derechos humanos o autodeterminación, siendo una solución y compensación a estos daños. La secesión democrática, por otro lado, surge del deseo generalizado de independencia en una comunidad sin una causa específica, y es defendida por movimientos independentistas en democracias. El derecho internacional no reconoce la secesión democrática, lo que la convierte en una cuestión de derecho interno y constitucional. El artículo también clasifica las constituciones nacionales según su tratamiento de la secesión, distinguiendo entre aquellas que permiten la secesión, las que no se pronuncian sobre ella y las que la prohíben.</subfield>
   </datafield>
   <datafield ind1="8" ind2=" " tag="024">
      <subfield code="a">González Represa, G.: «El fenómeno de la secesión y su reconocimiento legal»; en Pensamiento Constitucional, Universidad Católica de Perú, n. 25, Fondo Editorial PUCP, pp. 71-99</subfield>
   </datafield>
   <datafield ind1="8" ind2=" " tag="024">
      <subfield code="a">1027-6769</subfield>
   </datafield>
   <datafield ind1="8" ind2=" " tag="024">
      <subfield code="a">https://hdl.handle.net/10630/37619</subfield>
   </datafield>
   <datafield tag="653" ind2=" " ind1=" ">
      <subfield code="a">Autodeterminación nacional</subfield>
   </datafield>
   <datafield ind2="0" ind1="0" tag="245">
      <subfield code="a">El fenómeno de la secesión y su reconocimiento legal</subfield>
   </datafield>
</record>
</metadata></record></GetRecord></OAI-PMH>